[Event "Outaouais op"]
[Site "Gatineau CAN"]
[Date "2006.09.23"]
[Round "2"]
[White "Levesque, Dominique"]
[Black "Arsenault, Yves"]
[Result "0-1"]
[WhiteElo "1126"]
[BlackElo "1448"]
[PlyCount "84"]
[EventDate "2006.09.22"]
[EventType "swiss"]
[EventRounds "5"]
[EventCountry "CAN"]

1. Nf3 Nc6 2. b3 e5 3. e4 Bc5 4. Bc4 Nf6 5. d3 d6 6. Bg5 h6 7. Bh4 g5 8. Bg3
Bg4 9. Nbd2 Bd4 10. Rb1 Bc3 11. O-O Nd4 12. h3 Bh5 13. Bh2 Bxd2 14. g4 Nxf3+
15. Qxf3 Bg6 16. Qe2 Bc3 17. Rfc1 h5 18. f3 hxg4 19. Qg2 gxf3 20. Qxf3 Qe7 21.
Rf1 Nh5 22. Qg4 Nf4 23. Bxf4 exf4 24. Kf2 Rh4 25. Qg2 O-O-O 26. Rfe1 Bxe1+ 27.
Rxe1 Rdh8 28. Ke2 Rxh3 29. Kd1 Bh5+ 30. Kc1 Bf3 31. Qd2 Qe5 32. d4 Qe7 33. e5
Rh1 34. Bf1 dxe5 35. Kb2 e4 36. Bd3 Rxe1 37. Qxe1 Rh1 38. Qc3 exd3 39. Qxd3 Be4
40. Qe2 f3 41. Qe3 Rh2 42. d5 Rxc2+ 0-1

[Event "Outaouais op"]
[Site "Gatineau CAN"]
[Date "2006.09.23"]
[Round "2"]
[White "Maisonneuve, Paul"]
[Black "Charbonneau, Yves"]
[Result "1-0"]
[WhiteElo "1606"]
[BlackElo "1370"]
[PlyCount "92"]
[EventDate "2006.09.22"]
[EventType "swiss"]
[EventRounds "5"]
[EventCountry "CAN"]

1. d4 d5 2. Bf4 e6 3. e3 Nf6 4. Nf3 Be7 5. Bd3 O-O 6. h3 Nbd7 7. O-O c5 8. c3
c4 9. Bc2 b5 10. Nbd2 a5 11. e4 Bb7 12. Re1 b4 13. e5 bxc3 14. bxc3 Ne8 15.
Bxh7+ Kxh7 16. Qb1+ g6 17. Qxb7 Rb8 18. Qc6 Rc8 19. Qa4 Ng7 20. Rab1 Rh8 21.
Rb7 Nf8 22. Reb1 Nf5 23. Ra7 Rb8 24. Rbb7 Rxb7 25. Rxb7 Kg7 26. Qb5 Nh7 27. Rd7
Qa8 28. Qb7 Qf8 29. g4 Ng5 30. Nxg5 Bxg5 31. Bxg5 Rxh3 32. Bf6+ Kg8 33. Rd8
Qxd8 34. Bxd8 Ng7 35. f3 Rh8 36. Kg2 Kh7 37. Bf6 Rf8 38. f4 Ne8 39. Be7 Rg8 40.
Nf3 Ng7 41. Ng5+ Kh8 42. Nxf7+ Kh7 43. Qb1 Re8 44. Ng5+ Kg8 45. Bd6 Ra8 46. Qh1
Ra7 1-0

[Event "Outaouais op"]
[Site "Gatineau CAN"]
[Date "2006.09.23"]
[Round "2"]
[White "Malette, Martin"]
[Black "Masse, Hugues"]
[Result "1/2-1/2"]
[WhiteElo "2010"]
[BlackElo "2176"]
[PlyCount "38"]
[EventDate "2006.09.22"]
[EventType "swiss"]
[EventRounds "5"]
[EventCountry "CAN"]

1. e4 c5 2. Nf3 d6 3. d4 cxd4 4. Nxd4 Nf6 5. Nc3 a6 6. f3 e5 7. Nb3 Be6 8. Be3
Be7 9. Qd2 O-O 10. O-O-O Nbd7 11. g4 b5 12. Kb1 b4 13. Nd5 Bxd5 14. exd5 Nb6
15. Na5 Nbxd5 16. Nc6 Qc7 17. Nxe7+ Qxe7 18. Bf2 Nf4 19. Qxb4 a5 1/2-1/2

[Event "Outaouais op"]
[Site "Gatineau CAN"]
[Date "2006.09.23"]
[Round "2"]
[White "Morissette, Jean"]
[Black "Gagnon, Fabien"]
[Result "0-1"]
[WhiteElo "1950"]
[BlackElo "2030"]
[PlyCount "78"]
[EventDate "2006.09.22"]
[EventType "swiss"]
[EventRounds "5"]
[EventCountry "CAN"]

1. d4 Nf6 2. Bg5 Ne4 3. h4 c5 4. dxc5 Qa5+ 5. c3 Qxc5 6. Be3 Qc7 7. Nd2 Nf6 8.
f3 Nc6 9. Bf2 d5 10. e3 e6 11. h5 Bd6 12. Ne2 b5 13. Nd4 a6 14. Nxc6 Qxc6 15.
a4 b4 16. Rc1 Bd7 17. a5 Qb7 18. Rh4 O-O 19. Nc4 Be7 20. Nb6 bxc3 21. bxc3 Rad8
22. Bd3 Bc6 23. Qe2 Nd7 24. Rh3 Nc5 25. Rb1 Bf6 26. Nxd5 Nxd3+ 27. Qxd3 Rxd5
28. Qc2 Bxc3+ 29. Kf1 Bb5+ 30. Kg1 Ba4 31. Qa2 Qxb1+ 32. Qxb1 Rd1+ 33. Qxd1
Bxd1 34. Rh4 Bxa5 35. e4 Rb8 36. Rg4 Bb6 37. h6 Bxf2+ 38. Kxf2 g6 39. Rg5 Rb5
0-1

[Event "Outaouais op"]
[Site "Gatineau CAN"]
[Date "2006.09.23"]
[Round "2"]
[White "Pescarus, Radu"]
[Black "Gordon, David"]
[Result "0-1"]
[WhiteElo "2008"]
[BlackElo "2023"]
[PlyCount "78"]
[EventDate "2006.09.22"]
[EventType "swiss"]
[EventRounds "5"]
[EventCountry "CAN"]

1. e4 c5 2. Nf3 Nc6 3. d4 cxd4 4. Nxd4 Nf6 5. Nc3 e5 6. Nf3 Bb4 7. Bd3 d5 8.
exd5 Nxd5 9. Bd2 Nxc3 10. bxc3 Be7 11. h3 O-O 12. O-O Be6 13. Qe2 Qd6 14. Rfe1
f6 15. a4 Rfd8 16. Rad1 Qc5 17. Nh4 Bf7 18. Nf5 Bf8 19. Qg4 Kh8 20. h4 Ne7 21.
Ng3 Qc8 22. Qf3 Qc6 23. Qg4 Qd7 24. Qf3 Bd5 25. Qh5 g6 26. Qe2 Qxa4 27. Bb5
Qxh4 28. c4 Bc6 29. Ne4 Bg7 30. Nc5 a6 31. Ne6 Rxd2 32. Rxd2 axb5 33. cxb5 Be8
34. Nc7 Rc8 35. Nxe8 Rxe8 36. Rd7 Nf5 37. Rxb7 Bf8 38. Qe4 Qxe4 39. Rxe4 Nd6
0-1

[Event "Outaouais op"]
[Site "Gatineau CAN"]
[Date "2006.09.23"]
[Round "2"]
[White "Szalay, Karoly"]
[Black "Pepin, Christian"]
[Result "1-0"]
[WhiteElo "1785"]
[BlackElo "2095"]
[PlyCount "64"]
[EventDate "2006.09.22"]
[EventType "swiss"]
[EventRounds "5"]
[EventCountry "CAN"]

1. e4 c6 2. d4 d5 3. exd5 cxd5 4. Bd3 Nf6 5. Bf4 Bg4 6. f3 Bh5 7. c3 e6 8. Ne2
Bd6 9. O-O O-O 10. Nd2 Bg6 11. Bxg6 hxg6 12. Re1 Nc6 13. Nb3 Qc7 14. Bxd6 Qxd6
15. Nc5 Rab8 16. Nd3 b5 17. b4 a5 18. a3 a4 19. Nc5 Rfe8 20. f4 Ne7 21. g3 Nc8
22. Qd3 Qc6 23. Kg2 Nd6 24. Ng1 Nc4 25. Nf3 Nd7 26. Ne5 Ndxe5 27. fxe5 Re7 28.
g4 Kf8 29. Qh3 Kg8 30. g5 f5 31. gxf6 gxf6 32. exf6 Rh7 1-0

[Event "Outaouais op"]
[Site "Gatineau CAN"]
[Date "2006.09.23"]
[Round "3"]
[White "Gagnon, Fabien"]
[Black "Chartrand, Jean Bruno"]
[Result "1/2-1/2"]
[WhiteElo "2030"]
[BlackElo "1880"]
[PlyCount "111"]
[EventDate "2006.09.22"]
[EventType "swiss"]
[EventRounds "5"]
[EventCountry "CAN"]

1. Nf3 Nf6 2. c4 g6 3. Nc3 d5 4. cxd5 Nxd5 5. e4 Nxc3 6. bxc3 Bg7 7. Bc4 c5 8.
Ba3 O-O 9. Qb3 Qc7 10. O-O Nc6 11. Qb5 b6 12. Rac1 Na5 13. Be2 Bb7 14. Qb1 Qf4
15. d3 Rfd8 16. Ne1 Rd7 17. g3 Qc7 18. d4 cxd4 19. cxd4 Qd8 20. d5 Rc8 21. Ng2
Rdc7 22. Ne3 Bh6 23. Rxc7 Rxc7 24. Qd3 Bg7 25. Bb4 Ba8 26. f4 Nb7 27. Bf3 Nc5
28. Qd2 Na6 29. e5 Nxb4 30. Qxb4 Bf8 31. Qa3 Rc5 32. Kf2 Qd7 33. Rc1 Rxc1 34.
Qxc1 Bb7 35. Qc4 Qh3 36. Nf1 h5 37. Bg2 Qd7 38. Ne3 b5 39. Qc5 a6 40. Nc2 g5
41. Ne3 gxf4 42. gxf4 Bh6 43. d6 exd6 44. Qxd6 Qxd6 45. exd6 Bc8 46. Nd5 Kf8
47. Ke3 Bg7 48. Nc7 Bb2 49. Bc6 Bc1+ 50. Ke4 Bh3 51. Kf3 Bg4+ 52. Kg3 Ba3 53.
d7 Ke7 54. Nd5+ Kd8 55. Nf6 Be6 56. Nxh5 1/2-1/2

[Event "Paques"]
[Site "Montreal CAN"]
[Date "2006.04.14"]
[Round "1"]
[White "Ye, Ling Feng"]
[Black "Larochelle, Martial"]
[Result "1/2-1/2"]
[WhiteElo "2017"]
[BlackElo "2133"]
[PlyCount "75"]
[EventDate "2006.04.14"]
[EventType "tourn"]
[EventRounds "5"]
[EventCountry "CAN"]

1. e4 g6 2. d4 Bg7 3. f4 c5 4. d5 d6 5. Nf3 Nf6 6. Nc3 O-O 7. Be2 e6 8. dxe6
Bxe6 9. O-O Nc6 10. Ng5 Nd4 11. Be3 d5 12. e5 Nxe2+ 13. Nxe2 Nd7 14. Nxe6 fxe6
15. c3 Qc7 16. Ng3 Rf7 17. Qg4 Nf8 18. b4 b6 19. Rab1 cxb4 20. cxb4 Rc8 21.
Rfc1 Qb7 22. Qd1 Rfc7 23. Rxc7 Rxc7 24. Rc1 Rc4 25. Rxc4 dxc4 26. Qc2 Qd5 27.
Ne4 Nd7 28. Nd6 b5 29. Bxa7 Bf8 30. Be3 Bxd6 31. exd6 Qxd6 32. Qd2 Qd5 33. Qd4
Nb8 34. Kf2 Nc6 35. Qc5 Kf7 36. a3 h5 37. Qb6 Kf6 38. Bc5 1/2-1/2

[Event "Paques"]
[Site "Montreal CAN"]
[Date "2006.04.15"]
[Round "2"]
[White "Deschamps, Richard"]
[Black "Anastasovski, Nikola"]
[Result "1/2-1/2"]
[WhiteElo "2004"]
[BlackElo "2143"]
[PlyCount "73"]
[EventDate "2006.04.14"]
[EventType "tourn"]
[EventRounds "5"]
[EventCountry "CAN"]

1. d4 f5 2. e4 d6 3. Nc3 Nf6 4. Bd3 e6 5. Qe2 Be7 6. Nf3 Nc6 7. Bg5 O-O 8. O-O
h6 9. Bxf6 Bxf6 10. e5 Be7 11. Rad1 d5 12. a3 a6 13. Qd2 Qe8 14. Ne2 Nd8 15. c3
b5 16. Ne1 g5 17. h4 Qh5 18. hxg5 hxg5 19. Ng3 Qh6 20. f4 gxf4 21. Ne2 Kg7 22.
Nxf4 Bg5 23. g3 Rh8 24. Qg2 Nf7 25. Nf3 Bxf4 26. gxf4+ Kf8 27. Kf2 Qxf4 28. Rg1
Ke7 29. Rh1 Bd7 30. Qg7 Rh6 31. Rdg1 Rah8 32. Rxh6 Rxh6 33. Rg6 Rh2+ 34. Kg1
Rxb2 35. Qf6+ Kf8 36. Qg7+ Ke7 37. Qf6+ 1/2-1/2

[Event "Paques"]
[Site "Montreal CAN"]
[Date "2006.04.15"]
[Round "2"]
[White "Gadbois, Patrick"]
[Black "Ye, Ling Feng"]
[Result "1/2-1/2"]
[WhiteElo "1893"]
[BlackElo "2017"]
[PlyCount "38"]
[EventDate "2006.04.14"]
[EventType "tourn"]
[EventRounds "5"]
[EventCountry "CAN"]

1. d4 Nf6 2. Nf3 g6 3. c4 Bg7 4. Nc3 d5 5. Bf4 c6 6. e3 O-O 7. Bd3 dxc4 8. Bxc4
Bf5 9. O-O Nbd7 10. h3 Nb6 11. Bb3 Nbd5 12. Nxd5 cxd5 13. Rc1 Rc8 14. Qd2 Qb6
15. Rxc8 Rxc8 16. Rc1 Qd8 17. Rxc8 Qxc8 18. Qb4 Bf8 19. Qc3 Qxc3 1/2-1/2

[Event "Paques"]
[Site "Montreal CAN"]
[Date "2006.04.15"]
[Round "2"]
[White "Hajiyev, Elshad"]
[Black "Arsenault, Nicolas"]
[Result "0-1"]
[WhiteElo "2106"]
[BlackElo "2082"]
[PlyCount "75"]
[EventDate "2006.04.14"]
[EventType "tourn"]
[EventRounds "5"]
[EventCountry "CAN"]

1. d4 Nf6 2. Nf3 g6 3. c4 Bg7 4. Nc3 O-O 5. g3 d6 6. Bg2 Nc6 7. O-O Rb8 8. Ne1
Bd7 9. e4 a6 10. a4 e5 11. d5 Na5 12. b3 c6 13. Ba3 c5 14. f4 Ng4 15. Rf3 exf4
16. Bb2 Ne3 17. Qd3 Nxg2 18. Nxg2 fxg3 19. Rxg3 Nxb3 20. Re1 Nd4 21. e5 dxe5
22. Ba3 b6 23. a5 Bf5 24. Ne4 Bxe4 25. Rxe4 f5 26. Rxd4 cxd4 27. Bxf8 Qxf8 28.
Qa3 b5 29. c5 Rc8 30. d6 Qf7 31. Nh4 e4 32. Qc1 Be5 33. Rg5 Kh8 34. Rg2 e3 35.
Qc3 Qd5 36. Rxg6 hxg6 37. Nxg6+ Kh7 38. Nxe5 0-1

[Event "Paques"]
[Site "Montreal CAN"]
[Date "2006.04.15"]
[Round "3"]
[White "Anastasovski, Nikola"]
[Black "Gadbois, Patrick"]
[Result "1-0"]
[WhiteElo "2143"]
[BlackElo "1893"]
[PlyCount "61"]
[EventDate "2006.04.14"]
[EventType "tourn"]
[EventRounds "5"]
[EventCountry "CAN"]

1. e4 e6 2. d4 d5 3. e5 c5 4. c3 Nc6 5. Be3 Qb6 6. Qd2 cxd4 7. cxd4 Nge7 8. Nf3
Nf5 9. Bd3 Nxe3 10. fxe3 Be7 11. Nc3 Bd7 12. Rc1 Nb4 13. Be2 O-O 14. O-O Rac8
15. Rf2 f5 16. exf6 Bxf6 17. Rcf1 a6 18. a3 Nc6 19. Bd3 Be7 20. Bb1 Qc7 21. Qd3
g6 22. e4 dxe4 23. Nxe4 e5 24. dxe5 Nxe5 25. Qd5+ Nf7 26. Nfg5 Bc6 27. Qe6 Bxg5
28. Nxg5 Qe5 29. Rxf7 Qd4+ 30. Kh1 Rfe8 31. Re7+ 1-0

[Event "Paques"]
[Site "Montreal CAN"]
[Date "2006.04.15"]
[Round "3"]
[White "Anastasovski, Nikola"]
[Black "Robichaud, Louis"]
[Result "0-1"]
[WhiteElo "2143"]
[BlackElo "2053"]
[PlyCount "150"]
[EventDate "2006.04.14"]
[EventType "tourn"]
[EventRounds "5"]
[EventCountry "CAN"]

1. c4 Nf6 2. Nc3 g6 3. e4 d6 4. g3 Bg7 5. Bg2 O-O 6. d3 c5 7. h3 Nc6 8. Be3 e6
9. Nge2 Rb8 10. Qd2 Re8 11. O-O b6 12. f4 Ne7 13. d4 e5 14. fxe5 dxe5 15. d5 a6
16. Rf2 Qd6 17. Raf1 Rf8 18. Bh6 Ne8 19. Bxg7 Kxg7 20. g4 Ng8 21. Ng3 Qe7 22.
g5 Nd6 23. b3 Bd7 24. Nd1 h6 25. h4 hxg5 26. hxg5 f6 27. gxf6+ Rxf6 28. Rxf6
Nxf6 29. Qg5 Kf7 30. Ne3 Rh8 31. Ng4 Bxg4 32. Qxg4 Kg7 33. Qg5 Nxd5 34. Qxe7+
Nxe7 35. Rd1 Rd8 36. Nf1 Nc6 37. Rd5 Ne7 38. Rd2 Nf7 39. Rxd8 Nxd8 40. Ne3 Kf6
41. Ng4+ Ke6 42. Bh3 Ndc6 43. Kf2 Nb4 44. a3 Nd3+ 45. Ke3 Nf4 46. Bf1 a5 47.
Kd2 Nc6 48. Kc3 g5 49. Ne3 Nd4 50. b4 axb4+ 51. axb4 cxb4+ 52. Kxb4 Kd6 53.
Nf5+ Kc6 54. Nh6 Nf3 55. Ng4 Kd6 56. Kb5 Nd2 57. Kxb6 Nxf1 58. c5+ Ke6 59. c6
Nd2 60. c7 Nc4+ 61. Kc6 Nd6 62. Ne3 Ne2 63. Nc4 Nd4+ 64. Kc5 N4b5 65. c8=Q+
Nxc8 66. Kxb5 Nd6+ 67. Kc5 Nxc4 68. Kxc4 g4 69. Kd3 Kf6 70. Ke3 Kg5 71. Kf2 Kf4
72. Kg2 Kxe4 73. Kg3 Kd3 74. Kxg4 e4 75. Kg3 e3 0-1

[Event "Paques"]
[Site "Montreal CAN"]
[Date "2006.04.15"]
[Round "3"]
[White "Ye, Ling Feng"]
[Black "Deschamps, Richard"]
[Result "1-0"]
[WhiteElo "2017"]
[BlackElo "2004"]
[PlyCount "79"]
[EventDate "2006.04.14"]
[EventType "tourn"]
[EventRounds "5"]
[EventCountry "CAN"]

1. e4 d6 2. d4 Nf6 3. Nc3 Nbd7 4. f4 e5 5. Nf3 exd4 6. Qxd4 c6 7. e5 dxe5 8.
fxe5 Bc5 9. Qc4 Qe7 10. Bf4 Nb6 11. Qe2 Nfd5 12. Nxd5 Nxd5 13. Bg5 Qc7 14.
O-O-O Bf5 15. Nd4 Bg6 16. Nb3 Bb6 17. Bd2 a5 18. c4 Nb4 19. Bxb4 axb4 20. c5
Ba7 21. Qc4 O-O 22. Bd3 Qxe5 23. Qxb4 Qe3+ 24. Qd2 Bxd3 25. Qxe3 Bg6 26. a3
Rfe8 27. Qf3 Re4 28. Rd4 Re5 29. Rhd1 Bxc5 30. Rd8+ Rxd8 31. Rxd8+ Bf8 32. Qc3
f6 33. Nc5 Be8 34. Qxe5 fxe5 35. Rxe8 Kf7 36. Rxe5 Bd6 37. Rf5+ Kg6 38. g4 b6
39. Nd7 h6 40. Nf8+ 1-0

[Event "Paques"]
[Site "Montreal CAN"]
[Date "2006.04.16"]
[Round "4"]
[White "Arsenault, Nicolas"]
[Black "Anastasovski, Nikola"]
[Result "0-1"]
[WhiteElo "2082"]
[BlackElo "2143"]
[PlyCount "163"]
[EventDate "2006.04.14"]
[EventType "tourn"]
[EventRounds "5"]
[EventCountry "CAN"]

1. e4 e5 2. Nf3 Nc6 3. Nc3 Bc5 4. g3 d6 5. Bg2 f5 6. d3 Nf6 7. O-O fxe4 8. Nxe4
Nxe4 9. dxe4 O-O 10. Qd3 Bg4 11. h3 Bxf3 12. Bxf3 Qf6 13. Kg2 Rf7 14. Bg4 Raf8
15. Be3 Nb4 16. Qb3 b6 17. Bxc5 bxc5 18. Be6 Kh8 19. Bxf7 Qxf7 20. Qxf7 Rxf7
21. c3 Nd3 22. b3 c4 23. bxc4 g5 24. Rab1 h5 25. Rb8+ Kg7 26. Ra8 Nc5 27. Rxa7
Nxe4 28. f3 Nd2 29. Rf2 Nxc4 30. Kf1 Kf6 31. Ke2 Ke6 32. Rf1 Kd5 33. Rb1 Kc6
34. Rb4 Nb6 35. a4 Kc5 36. Rb5+ Kc6 37. Rb3 h4 38. gxh4 gxh4 39. a5 Nd5 40. a6
Rf8 41. Rab7 Ra8 42. R7b4 Rxa6 43. Rc4+ Kd7 44. Rxh4 Ra2+ 45. Ke1 Rc2 46. c4
Nf4 47. Rh7+ Kc6 48. h4 Rxc4 49. h5 Kd5 50. h6 Rc2 51. Kd1 Rh2 52. Rxc7 Rxh6
53. Ra7 Ne6 54. Ra5+ Kc4 55. Re3 Rh1+ 56. Re1 Rh3 57. Re4+ Nd4 58. Ra4+ Kd5 59.
Raxd4+ exd4 60. Rf4 Kc4 61. Rf6 Kd3 62. Ke1 Ke3 63. Re6+ Kxf3 64. Rxd6 Ke3 65.
Re6+ Kd3 66. Rc6 Rh1+ 67. Kf2 Kd2 68. Ra6 Rc1 69. Ra2+ Rc2 70. Ra3 d3 71. Kf3
Rc3 72. Ra1 Rc8 73. Ra2+ Kc3 74. Ra3+ Kc2 75. Ra2+ Kb3 76. Ra7 Re8 77. Rb7+ Kc2
78. Rc7+ Kd2 79. Ra7 Rf8+ 80. Ke4 Ke2 81. Ra2+ d2 82. Kd4 0-1

[Event "Paques"]
[Site "Montreal CAN"]
[Date "2006.04.16"]
[Round "4"]
[White "Deschamps, Richard"]
[Black "Page, Mario"]
[Result "1-0"]
[WhiteElo "2004"]
[BlackElo "1644"]
[PlyCount "83"]
[EventDate "2006.04.14"]
[EventType "tourn"]
[EventRounds "5"]
[EventCountry "CAN"]

1. d4 Nf6 2. c4 e6 3. Nf3 d5 4. Nc3 Bb4 5. Qa4+ Nc6 6. Ne5 Bxc3+ 7. bxc3 O-O 8.
Nxc6 bxc6 9. e3 Bd7 10. Qc2 Re8 11. Bd3 e5 12. O-O e4 13. Be2 Bg4 14. Rb1 Qd7
15. Ba3 Qf5 16. Rb7 Qd7 17. cxd5 Nxd5 18. Bxg4 Qxg4 19. c4 Qc8 20. Rb3 Nf6 21.
Qe2 Qa6 22. Bc5 Rab8 23. Ra3 Qc8 24. Rxa7 Ra8 25. Rxa8 Qxa8 26. Rb1 Nd7 27. Bb4
Rb8 28. Qc2 Nf6 29. Be7 Rxb1+ 30. Qxb1 c5 31. Bxf6 gxf6 32. dxc5 Qa4 33. Qb3
Qc6 34. Qb8+ Kg7 35. Qb4 Qd7 36. h3 Qc6 37. a4 f5 38. a5 Qa6 39. Qb5 Qf6 40. c6
Qa1+ 41. Kh2 Qe5+ 42. Qxe5+ 1-0

[Event "Paques"]
[Site "Montreal CAN"]
[Date "2006.04.16"]
[Round "4"]
[White "Robichaud, Louis"]
[Black "Ye, Ling Feng"]
[Result "1/2-1/2"]
[WhiteElo "2056"]
[BlackElo "2017"]
[PlyCount "60"]
[EventDate "2006.04.14"]
[EventType "tourn"]
[EventRounds "5"]
[EventCountry "CAN"]

1. e4 c5 2. Nc3 e6 3. g3 d5 4. exd5 exd5 5. Bg2 Nf6 6. Nge2 d4 7. Ne4 Nxe4 8.
Bxe4 Bd6 9. O-O O-O 10. d3 Nd7 11. Bf4 Ne5 12. Bxe5 Bxe5 13. f4 Bf6 14. f5 Rb8
15. Nf4 Bd7 16. Qf3 Bc6 17. Rae1 Bxe4 18. dxe4 Bg5 19. Nd5 f6 20. h4 Bh6 21. e5
fxe5 22. Rxe5 Qd6 23. Re2 Rbd8 24. c4 dxc3 25. Nxc3 Qd3 26. Re7 Qxf3 27. Rxf3
Rf7 28. Rxf7 Kxf7 29. Ne4 b6 30. b3 Rd4 1/2-1/2

[Event "Paques"]
[Site "Montreal CAN"]
[Date "2006.04.16"]
[Round "5"]
[White "Deschamps, Richard"]
[Black "Gadbois, Patrick"]
[Result "1/2-1/2"]
[WhiteElo "2004"]
[BlackElo "1893"]
[PlyCount "96"]
[EventDate "2006.04.14"]
[EventType "tourn"]
[EventRounds "5"]
[EventCountry "CAN"]

1. d4 d5 2. c4 c6 3. Nc3 Nf6 4. e3 e6 5. Nf3 Nbd7 6. Bd3 dxc4 7. Bxc4 b5 8. Bd3
a6 9. a3 c5 10. O-O Bb7 11. e4 cxd4 12. Nxd4 Be7 13. Nb3 O-O 14. Be3 Ne5 15.
Bc2 Rc8 16. Qxd8 Rfxd8 17. f3 Nc4 18. Bc1 Nxa3 19. Bd1 Nc4 20. Be2 Bb4 21. Bxc4
Rxc4 22. Na5 Bxa5 23. Rxa5 h6 24. Bf4 Rd3 25. Raa1 Nd7 26. Rfd1 Rcd4 27. Rxd3
Rxd3 28. Rd1 Nc5 29. Bd6 Rxd1+ 30. Nxd1 Nb3 31. Kf2 f5 32. exf5 exf5 33. g4
fxg4 34. fxg4 Nd2 35. Bf4 Ne4+ 36. Ke2 Kf7 37. Ne3 Nf6 38. Nf5 Be4 39. Nd6+ Ke6
40. h4 Bd5 41. g5 hxg5 42. hxg5 Nh5 43. Bh2 g6 44. Ke3 Ng7 45. Kd4 Nf5+ 46.
Nxf5 gxf5 47. g6 Bc4 48. Be5 a5 1/2-1/2

[Event "Paques"]
[Site "Montreal CAN"]
[Date "2006.04.16"]
[Round "5"]
[White "Hajiyev, Elshad"]
[Black "Ye, Ling Feng"]
[Result "0-1"]
[WhiteElo "2106"]
[BlackElo "2017"]
[PlyCount "72"]
[EventDate "2006.04.14"]
[EventType "tourn"]
[EventRounds "5"]
[EventCountry "CAN"]

1. d4 Nf6 2. Nf3 g6 3. c4 Bg7 4. Nc3 d5 5. cxd5 Nxd5 6. e4 Nxc3 7. bxc3 c5 8.
Bb5+ Bd7 9. Bxd7+ Qxd7 10. O-O cxd4 11. cxd4 Nc6 12. Be3 O-O 13. Rc1 e6 14. Qd2
Rfd8 15. Rfd1 Rac8 16. h3 b6 17. Bg5 Re8 18. e5 Ne7 19. Bxe7 Qxe7 20. Qf4 f6
21. Qg4 f5 22. Qg5 Qxg5 23. Nxg5 Rxc1 24. Rxc1 Bh6 25. h4 Bxg5 26. hxg5 Rd8 27.
Rd1 Rd5 28. g3 a5 29. Rd2 b5 30. Kg2 Kf7 31. a4 bxa4 32. Ra2 Rxd4 33. Ra3 Ke7
34. f4 Kd7 35. Kf3 Rb4 36. Ke2 Kc6 0-1

[Event "Paques"]
[Site "Montreal CAN"]
[Date "2006.04.16"]
[Round "5"]
[White "Robichaud, Louis"]
[Black "Larochelle, Martial"]
[Result "0-1"]
[WhiteElo "2056"]
[BlackElo "2133"]
[PlyCount "46"]
[EventDate "2006.04.14"]
[EventType "tourn"]
[EventRounds "5"]
[EventCountry "CAN"]

1. e4 c5 2. Nc3 Nc6 3. g3 g6 4. Bg2 Bg7 5. d3 d6 6. f4 e6 7. Nf3 Nge7 8. O-O
O-O 9. Be3 b6 10. Qd2 Ba6 11. f5 d5 12. Bh6 dxe4 13. Bxg7 exf3 14. Bxf3 Kxg7
15. f6+ Kh8 16. Bxc6 Nxc6 17. Qh6 Rg8 18. Ne4 Qd4+ 19. Rf2 g5 20. Nxg5 Rxg5 21.
Qxg5 Rg8 22. Qh6 Ne5 23. c3 Qxf2+ 0-1

[Event "Paques U1600"]
[Site "Montreal CAN"]
[Date "2006.04.14"]
[Round "1"]
[White "Gelet, Seymour"]
[Black "Bolduc, Rene"]
[Result "1-0"]
[WhiteElo "1206"]
[BlackElo "1512"]
[PlyCount "77"]
[EventDate "2006.04.14"]
[EventType "tourn"]
[EventRounds "5"]
[EventCountry "CAN"]

1. d4 d5 2. c4 dxc4 3. Nf3 e6 4. e3 Nf6 5. Bxc4 Bd6 6. Nc3 O-O 7. e4 Bb4 8. Bg5
h6 9. Bxf6 Qxf6 10. e5 Qf4 11. O-O c5 12. Ne2 Qg4 13. h3 Qg6 14. Bd3 f5 15. a3
Ba5 16. dxc5 Nc6 17. Nf4 Qf7 18. Bc4 Kh7 19. Qb3 Re8 20. Rad1 g5 21. Ne2 Bc7
22. Ned4 Nd8 23. Bd3 Kg7 24. Bc4 Bd7 25. Nxf5+ Kg6 26. Nd6 Bxd6 27. exd6 Nc6
28. Qxb7 Rab8 29. Qxc6 Bxc6 30. Ne5+ Kf6 31. Nxf7 Kxf7 32. b4 h5 33. Rfe1 Rbd8
34. b5 Ba8 35. d7 Re7 36. c6 g4 37. c7 Rg8 38. d8=Q gxh3 39. Qxg8+ 1-0

[Event "Paques U2000"]
[Site "Montreal CAN"]
[Date "2006.04.15"]
[Round "2"]
[White "Gauthier, Denis"]
[Black "Mathews, Theo"]
[Result "1/2-1/2"]
[WhiteElo "1976"]
[BlackElo "1652"]
[PlyCount "56"]
[EventDate "2006.04.14"]
[EventType "tourn"]
[EventRounds "5"]
[EventCountry "CAN"]

1. d4 d5 2. c4 e6 3. Nc3 f5 4. Nf3 Nf6 5. g3 c6 6. Bg2 Bd6 7. Bf4 O-O 8. Ne5
dxc4 9. Nxc4 Bxf4 10. gxf4 Nd5 11. e3 Nd7 12. Qd2 b5 13. Ne5 Bb7 14. Nxd5 cxd5
15. Nd3 a5 16. Rc1 Qb6 17. O-O Rac8 18. Bf3 b4 19. Rxc8 Rxc8 20. Rc1 Rc6 21.
Bd1 Ba6 22. Ba4 Bb5 23. Rxc6 Qxc6 24. Bxb5 Qxb5 25. Qc2 Qc4 26. Qa4 Qxd3 27.
Qxd7 Qd1+ 28. Kg2 Qg4+ 1/2-1/2

[Event "Paques U2000"]
[Site "Montreal CAN"]
[Date "2006.04.15"]
[Round "2"]
[White "Millette, Sylvain"]
[Black "Pregent, Daniel"]
[Result "1/2-1/2"]
[WhiteElo "1581"]
[BlackElo "1776"]
[PlyCount "77"]
[EventDate "2006.04.14"]
[EventType "tourn"]
[EventRounds "5"]
[EventCountry "CAN"]

1. Nf3 Nf6 2. g3 Nc6 3. Bg2 e5 4. d3 Be7 5. e4 O-O 6. O-O d5 7. exd5 Nxd5 8. a3
Bg4 9. Qe1 Bf6 10. Nbd2 Re8 11. Ne4 Be7 12. Bd2 Nd4 13. Nxd4 exd4 14. Qc1 Qd7
15. Ng5 c5 16. Nf3 f6 17. Ne1 Be2 18. Nf3 Bxf1 19. Kxf1 Rad8 20. Ng1 b5 21. Ne2
Nb6 22. Ba5 c4 23. Nf4 Bc5 24. dxc4 bxc4 25. Bxb6 Bxb6 26. Bd5+ Kh8 27. Bxc4
Bc7 28. Bd3 Bxf4 29. Qxf4 Qd5 30. Kg1 Re5 31. b3 Rde8 32. Qd2 Qf3 33. a4 h5 34.
Bb5 Rd8 35. Re1 h4 36. Rxe5 fxe5 37. Qg5 Qf6 38. Qh5+ Kg8 39. gxh4 1/2-1/2

[Event "Paques U2000"]
[Site "Montreal CAN"]
[Date "2006.04.15"]
[Round "2"]
[White "Page, Mario"]
[Black "Dimitrova, Maya"]
[Result "0-1"]
[WhiteElo "1644"]
[BlackElo "1507"]
[PlyCount "61"]
[EventDate "2006.04.14"]
[EventType "tourn"]
[EventRounds "5"]
[EventCountry "CAN"]

1. e4 c5 2. Nc3 d6 3. g3 Nf6 4. Bg2 Nc6 5. f4 e6 6. Nf3 a6 7. a4 Be7 8. d3 O-O
9. O-O Rb8 10. Rb1 Qc7 11. Bd2 b5 12. axb5 axb5 13. Ra1 b4 14. e5 bxc3 15. exf6
Bxf6 16. Bxc3 Bxc3 17. bxc3 d5 18. d4 cxd4 19. cxd4 Na5 20. Qd3 h6 21. Ne5 Ra8
22. c4 Ba6 23. Rfc1 Nxc4 24. Nxc4 Bxc4 25. Rxa8 Rxa8 26. f5 Bxd3 27. Rxc7 Bxf5
28. Bf3 g6 29. g4 Bd3 30. Rc3 Bc4 31. Kf2 0-1

[Event "Paques U2000"]
[Site "Montreal CAN"]
[Date "2006.04.15"]
[Round "3"]
[White "Pregent, Daniel"]
[Black "Samson, Gaetan"]
[Result "1-0"]
[WhiteElo "1776"]
[BlackElo "1918"]
[PlyCount "61"]
[EventDate "2006.04.14"]
[EventType "tourn"]
[EventRounds "5"]
[EventCountry "CAN"]

1. d4 Nf6 2. Nf3 g6 3. g3 Bg7 4. Bg2 O-O 5. O-O d5 6. b3 Nbd7 7. Bb2 c6 8. Nbd2
Nb6 9. Rc1 a6 10. c4 dxc4 11. bxc4 Bf5 12. Nh4 Be6 13. e4 Bh6 14. f4 Ng4 15.
Qe2 Bg7 16. e5 Nh6 17. h3 Nf5 18. Nxf5 gxf5 19. g4 Qd7 20. gxf5 Bxf5 21. Kh2
Rad8 22. Qh5 f6 23. Be4 fxe5 24. fxe5 Bxe5+ 25. Kh1 Bxe4+ 26. Nxe4 Rxf1+ 27.
Rxf1 Nxc4 28. Ng5 Qd5+ 29. Rf3 Bf6 30. Qxh7+ Kf8 31. Qh8+ 1-0